[Event "31. Open Ciutat de Badalona"]
[Site "Badalona ESP"]
[Date "2005.08.01"]
[Round "1.1"]
[White "Epishin, Vladimir"]
[Black "Bohigas Santasusagna, Lluis"]
[Result "1-0"]
[WhiteElo "2600"]
[BlackElo "2112"]
[PlyCount "59"]
[EventDate "2005.08.01"]
[EventType "swiss"]
[EventRounds "9"]
[EventCountry "ESP"]
[Source "lmi"]
[SourceDate "2005.08.10"]

1. d4 Nf6 2. c4 e5 3. dxe5 Ng4 4. Bf4 Nc6 5. Nf3 Bb4+ 6. Nbd2 Qe7 7. e3 Ngxe5
8. Nxe5 Nxe5 9. Be2 d6 10. O-O Bd7 11. Nf3 Ng6 12. Bg3 a5 13. a3 Bc5 14. b4 Bb6
15. Rc1 axb4 16. axb4 O-O 17. c5 dxc5 18. bxc5 Ba5 19. Qb3 b6 20. c6 Be6 21.
Qb5 Rfd8 22. Rfd1 Rxd1+ 23. Rxd1 Bb4 24. Nd4 Ra5 25. Qd3 Rd5 26. Qe4 Bd6 27.
Bc4 Bxg3 28. Bxd5 Bxd5 29. Qxd5 Bd6 30. Nf5 1-0

[Event "31. Open Ciutat de Badalona"]
[Site "Badalona ESP"]
[Date "2005.08.01"]
[Round "1.2"]
[White "Guski, Dietmar"]
[Black "Korneev, Oleg"]
[Result "0-1"]
[WhiteElo "2108"]
[BlackElo "2594"]
[PlyCount "81"]
[EventDate "2005.08.01"]
[EventType "swiss"]
[EventRounds "9"]
[EventCountry "ESP"]
[Source "lmi"]
[SourceDate "2005.08.10"]

1. e4 c5 2. Nf3 e6 3. d3 Nc6 4. g3 g6 5. Bg2 Bg7 6. Nbd2 Nge7 7. O-O O-O 8. c3
d6 9. Re1 e5 10. Nf1 h6 11. h4 f5 12. N1h2 Kh8 13. Bd2 Ng8 14. Qc1 Be6 15. b4
b6 16. b5 Nce7 17. c4 Qd7 18. a4 a5 19. Ra2 Rae8 20. Kh1 f4 21. gxf4 Rf7 22.
fxe5 dxe5 23. Bc3 Kh7 24. Qe3 Qd6 25. Rd2 Ref8 26. Rg1 Rf4 27. Ba1 g5 28. hxg5
Ng6 29. Qe2 N8e7 30. Bb2 Qd7 31. gxh6 Bf6 32. Bf1 Qd6 33. Ng5+ Kxh6 34. Nxe6
Qxe6 35. Rg3 Rh4 36. Kg2 Nf4+ 37. Kh1 Nfg6 38. Qe3+ Nf4 39. Rg1 Rg4 40. Rg3 Rh4
41. Rg1 0-1

[Event "31. Open Ciutat de Badalona"]
[Site "Badalona ESP"]
[Date "2005.08.01"]
[Round "1.4"]
[White "Triquell Sanchez, Jaume"]
[Black "Suba, Mihai"]
[Result "0-1"]
[WhiteElo "2100"]
[BlackElo "2520"]
[PlyCount "78"]
[EventDate "2005.08.01"]
[EventType "swiss"]
[EventRounds "9"]
[EventCountry "ESP"]
[Source "lmi"]
[SourceDate "2005.08.10"]

1. d4 Nf6 2. Nf3 e6 3. Bf4 b6 4. e3 Bb7 5. Bd3 Bd6 6. c3 Bxf4 7. exf4 c5 8. O-O
Qc7 9. f5 O-O 10. Nbd2 cxd4 11. cxd4 Qf4 12. fxe6 fxe6 13. Ne5 Qxd4 14. Ndf3
Qf4 15. Rc1 Nc6 16. Rc4 Qh6 17. Rh4 Qxh4 18. Nxh4 Nxe5 19. Be2 Nd5 20. Qd4 Nc6
21. Qd2 Rf4 22. Nf3 Raf8 23. a3 Nce7 24. Rc1 Ng6 25. Rc4 Bc6 26. Rxf4 Ndxf4 27.
Ne1 Rf5 28. Bf3 Bxf3 29. Nxf3 Rd5 30. Qc2 Rc5 31. Qd2 Rc1+ 32. Ne1 Ne5 33. h3
Ned3 34. Kh2 Rxe1 35. Qc2 Rc1 36. Qd2 h6 37. b4 Rf1 38. g3 Ne5 39. Qc2 Ned3 0-1

[Event "31. Open Ciutat de Badalona"]
[Site "Badalona ESP"]
[Date "2005.08.01"]
[Round "1.5"]
[White "Gonzalez, Yuri"]
[Black "Navines Monfa, Josep"]
[Result "1-0"]
[WhiteElo "2495"]
[BlackElo "2098"]
[PlyCount "37"]
[EventDate "2005.08.01"]
[EventType "swiss"]
[EventRounds "9"]
[EventCountry "ESP"]
[Source "lmi"]
[SourceDate "2005.08.10"]

1. e4 e5 2. Nf3 Nc6 3. Bb5 d6 4. c3 Bd7 5. d4 exd4 6. cxd4 h6 7. Nc3 a6 8. Ba4
b5 9. Bb3 Nf6 10. O-O Bg4 11. Be3 Na5 12. Bc2 Nc4 13. Bc1 Be7 14. Qd3 Bxf3 15.
Qxf3 O-O 16. b3 Nb6 17. e5 Ne8 18. Bxh6 Bg5 19. Qf5 1-0

[Event "31. Open Ciutat de Badalona"]
[Site "Badalona ESP"]
[Date "2005.08.02"]
[Round "2.1"]
[White "Flores Rios, Mauricio"]
[Black "Epishin, Vladimir"]
[Result "1/2-1/2"]
[WhiteElo "2222"]
[BlackElo "2600"]
[PlyCount "82"]
[EventDate "2005.08.01"]
[EventType "swiss"]
[EventRounds "9"]
[EventCountry "ESP"]
[Source "lmi"]
[SourceDate "2005.08.10"]

1. e4 c5 2. Nf3 d6 3. d4 cxd4 4. Nxd4 Nf6 5. Nc3 Nc6 6. Bc4 e5 7. Nf5 Be6 8.
Ne3 Rc8 9. O-O Nd4 10. Bd3 Be7 11. Ncd5 O-O 12. Nxe7+ Qxe7 13. c3 Nc6 14. b3
Nd7 15. c4 Nc5 16. Bb2 a6 17. Rc1 Rfd8 18. Qe2 Nd4 19. Bxd4 exd4 20. Nc2 Qf6
21. Rfd1 a5 22. Na3 Qe5 23. f3 Bd7 24. Qf2 b5 25. Bf1 b4 26. Nc2 d3 27. Ne1 Qe7
28. Nxd3 Be6 29. Rd2 Rd7 30. Rcd1 h6 31. e5 dxe5 32. Nxe5 Rxd2 33. Qxd2 Bf5 34.
Qd6 Kf8 35. Kf2 f6 36. Nc6 Qxd6 37. Rxd6 Nb7 38. Rd5 Rxc6 39. Rxf5 Rc5 40. Rf4
Ke7 41. Bd3 g5 1/2-1/2

[Event "31. Open Ciutat de Badalona"]
[Site "Badalona ESP"]
[Date "2005.08.02"]
[Round "2.2"]
[White "Korneev, Oleg"]
[Black "Marches Rios, Juan"]
[Result "1-0"]
[WhiteElo "2594"]
[BlackElo "2223"]
[PlyCount "60"]
[EventDate "2005.08.01"]
[EventType "swiss"]
[EventRounds "9"]
[EventCountry "ESP"]
[Source "lmi"]
[SourceDate "2005.08.10"]

1. e4 e6 2. d4 d5 3. Nc3 Bb4 4. e5 c5 5. a3 Bxc3+ 6. bxc3 Qa5 7. Bd2 Qa4 8. Qb1
c4 9. Nh3 Nc6 10. Nf4 Nge7 11. Nh5 Rg8 12. g3 Bd7 13. Bh3 O-O-O 14. O-O Kb8 15.
f4 Nc8 16. g4 Nb6 17. f5 Qa5 18. Qe1 Na4 19. Qe3 a6 20. Nf4 Na7 21. fxe6 fxe6
22. g5 Rde8 23. Bg4 Nb5 24. Nxd5 Nxa3 25. Rxa3 Qxd5 26. Bf3 Qb5 27. Raa1 Bc8
28. Rfb1 Qa5 29. Rb4 b5 30. Raxa4 Rh8 1-0

[Event "31. Open Ciutat de Badalona"]
[Site "Badalona ESP"]
[Date "2005.08.02"]
[Round "2.3"]
[White "Minguez Rodriguez, Raul"]
[Black "Gonzalez, Yuri"]
[Result "0-1"]
[WhiteElo "2194"]
[BlackElo "2495"]
[PlyCount "108"]
[EventDate "2005.08.01"]
[EventType "swiss"]
[EventRounds "9"]
[EventCountry "ESP"]
[Source "lmi"]
[SourceDate "2005.08.10"]

1. e4 c6 2. d4 d5 3. Nc3 dxe4 4. Nxe4 Nd7 5. Bc4 Ngf6 6. Ng5 e6 7. Qe2 Nb6 8.
Bd3 h6 9. N5f3 c5 10. dxc5 Bxc5 11. Ne5 Qc7 12. Ngf3 Nbd7 13. O-O O-O 14. Bf4
Bd6 15. Rfe1 b6 16. Rad1 Nxe5 17. Bxe5 Bxe5 18. Qxe5 Qxe5 19. Nxe5 Bb7 20. c4
Rac8 21. b3 Rfd8 22. f3 Kf8 23. Kf2 Ke7 24. Be2 Rxd1 25. Rxd1 Rc5 26. Nd3 Rc7
27. Ne5 g5 28. g3 Ne8 29. Ke3 Ng7 30. Bd3 f6 31. Ng4 h5 32. Nf2 Rc5 33. Be4
Nf5+ 34. Kd3 Ba6 35. Kc3 Nd6 36. Bg6 Rc8 37. Ne4 Nxe4+ 38. Bxe4 f5 39. Bd3 Bb7
40. Be2 e5 41. b4 f4 42. gxf4 exf4 43. Rd4 Rf8 44. h3 Rf6 45. c5 Re6 46. Kd2 h4
47. Bc4 bxc5 48. bxc5 Re5 49. Bb5 Rd5 50. Rxd5 Bxd5 51. Be2 Bxa2 52. Kc3 Be6
53. Bf1 a5 54. Kd4 a4 0-1

[Event "31. Open Ciutat de Badalona"]
[Site "Badalona ESP"]
[Date "2005.08.02"]
[Round "2.4"]
[White "Grigore, George-Gabriel"]
[Black "Avila Jimenez, Javier"]
[Result "1-0"]
[WhiteElo "2479"]
[BlackElo "2194"]
[PlyCount "98"]
[EventDate "2005.08.01"]
[EventType "swiss"]
[EventRounds "9"]
[EventCountry "ESP"]
[Source "lmi"]
[SourceDate "2005.08.10"]

1. d4 d5 2. c4 c6 3. Nf3 Nf6 4. Nc3 dxc4 5. a4 Bf5 6. Ne5 Nbd7 7. Nxc4 Nb6 8.
Ne5 Nfd7 9. a5 Nd5 10. Nxd5 cxd5 11. Qb3 Nxe5 12. dxe5 Bc8 13. e4 e6 14. Bb5+
Bd7 15. exd5 exd5 16. Qxd5 Bb4+ 17. Ke2 a6 18. Bxd7+ Qxd7 19. Qxd7+ Kxd7 20.
Ra4 Be7 21. Bd2 Rac8 22. Bc3 Ke6 23. f4 Rhd8 24. Rf1 g6 25. g4 f5 26. exf6 Bxf6
27. f5+ gxf5 28. Rxf5 Bxc3 29. bxc3 Rf8 30. Re4+ Kd6 31. Rxf8 Rxf8 32. Ke3 Rf1
33. Rf4 Rh1 34. Rf6+ Kc5 35. Rh6 Re1+ 36. Kd3 Re7 37. Rh5+ Kc6 38. Kd4 Rd7+ 39.
Kc4 Rf7 40. Rh6+ Kc7 41. h3 Rg7 42. Kd4 Kd7 43. c4 Kc7 44. Ke4 Kd7 45. c5 Re7+
46. Kf4 Kc7 47. g5 Rd7 48. h4 Kd8 49. Rd6 Ke8 1-0

[Event "31. Open Ciutat de Badalona"]
[Site "Badalona ESP"]
[Date "2005.08.02"]
[Round "2.5"]
[White "Tarrago Antoni, Maurici"]
[Black "Ermenkov, Evgenij"]
[Result "0-1"]
[WhiteElo "2175"]
[BlackElo "2478"]
[PlyCount "89"]
[EventDate "2005.08.01"]
[EventType "swiss"]
[EventRounds "9"]
[EventCountry "ESP"]
[Source "lmi"]
[SourceDate "2005.08.10"]

1. Nf3 g6 2. e4 c5 3. g3 Bg7 4. Bg2 Nc6 5. O-O e5 6. Nc3 Nge7 7. a3 O-O 8. d3
d6 9. Rb1 b6 10. b4 Rb8 11. h3 h6 12. Nh2 Kh7 13. Ng4 f5 14. Ne3 f4 15. Ned5 g5
16. g4 Ng6 17. f3 Nd4 18. Ne2 Nh4 19. c3 Ne6 20. c4 Kg6 21. Bd2 Rh8 22. Be1 h5
23. Bxh4 gxh4 24. gxh5+ Rxh5 25. Kf2 Rg5 26. Rg1 Bh6 27. Bh1 Rg3 28. Ke1 Nd4
29. Rxg3+ hxg3 30. Nxd4 cxd4 31. Bg2 Bd7 32. b5 Bg5 33. Qa4 a5 34. Ke2 Bh4 35.
Qb3 Qc8 36. Rh1 Qc5 37. Qb2 Rh8 38. Qc1 Kf7 39. Kd2 Ke8 40. Kc2 Kd8 41. Kb3 Kc8
42. Qd1 Kb7 43. Qf1 Qc8 44. Qd1 Rh6 45. Qa1 0-1

[Event "31. Open Ciutat de Badalona"]
[Site "Badalona ESP"]
[Date "2005.08.03"]
[Round "3.1"]
[White "Matnadze, Ana"]
[Black "Korneev, Oleg"]
[Result "1/2-1/2"]
[WhiteElo "2389"]
[BlackElo "2594"]
[PlyCount "126"]
[EventDate "2005.08.01"]
[EventType "swiss"]
[EventRounds "9"]
[EventCountry "ESP"]
[Source "lmi"]
[SourceDate "2005.08.10"]

1. d4 d5 2. Nf3 Nf6 3. e3 c5 4. Bd3 Nc6 5. O-O Bg4 6. c3 e6 7. h3 Bh5 8. Nbd2
Be7 9. b3 O-O 10. Bb2 Rc8 11. Rc1 cxd4 12. exd4 Qa5 13. a3 b5 14. Qe2 Rb8 15.
b4 Qb6 16. Nb3 Bxf3 17. Qxf3 e5 18. dxe5 Nxe5 19. Qf5 Bd6 20. Rcd1 Rfe8 21. Bb1
Nc4 22. Bc1 g6 23. Qf3 Bc7 24. Rd4 Be5 25. Rh4 Rbc8 26. Nc5 Qc6 27. Rd1 Nd6 28.
Be3 Nde4 29. Bd4 Bxd4 30. cxd4 Kg7 31. Bxe4 Nxe4 32. Nxe4 dxe4 33. Qe3 h5 34.
d5 Qc2 35. Re1 Rc4 36. g4 Rc3 37. Qd4+ Kg8 38. d6 e3 39. Rxe3 Qc1+ 40. Kh2
Rcxe3 41. d7 Qc7+ 42. Kg2 Rg3+ 43. fxg3 Qc2+ 44. Qf2 Qc6+ 45. Kh2 Qxd7 46. gxh5
g5 47. Rd4 Qe6 48. Rd2 Qe3 49. Qxe3 Rxe3 50. Rd5 f6 51. Rxb5 Rxa3 52. Rb7 Ra2+
53. Kg1 Rb2 54. Rxa7 Rxb4 55. Kf2 g4 56. hxg4 Rxg4 57. Kf3 Rg5 58. h6 Rh5 59.
Kf4 Rxh6 60. Kf5 Kf8 61. g4 Kg8 62. Ke6 Rg6 63. Kf5 Rg5+ 1/2-1/2

[Event "31. Open Ciutat de Badalona"]
[Site "Badalona ESP"]
[Date "2005.08.03"]
[Round "3.2"]
[White "Gonzalez, Yuri"]
[Black "Aloma Vidal, Robert"]
[Result "1-0"]
[WhiteElo "2495"]
[BlackElo "2350"]
[PlyCount "47"]
[EventDate "2005.08.01"]
[EventType "swiss"]
[EventRounds "9"]
[EventCountry "ESP"]
[Source "lmi"]
[SourceDate "2005.08.10"]

1. d4 Nf6 2. c4 e6 3. Nc3 Bb4 4. Qc2 O-O 5. e4 c5 6. e5 cxd4 7. a3 dxc3 8. axb4
Ng4 9. Nf3 Nc6 10. Ng5 g6 11. b5 Ncxe5 12. h3 f6 13. Ne4 f5 14. Nd6 Nf6 15. Bh6
Rf7 16. Qxc3 Ne4 17. Qxe5 Nxd6 18. Qxd6 f4 19. h4 Qf6 20. O-O-O b6 21. Bg5 Qg7
22. Bxf4 Bb7 23. Be5 Qh6+ 24. Qd2 1-0

[Event "31. Open Ciutat de Badalona"]
[Site "Badalona ESP"]
[Date "2005.08.03"]
[Round "3.3"]
[White "Pomes Marcet, Juan"]
[Black "Grigore, George-Gabriel"]
[Result "0-1"]
[WhiteElo "2375"]
[BlackElo "2479"]
[PlyCount "82"]
[EventDate "2005.08.01"]
[EventType "swiss"]
[EventRounds "9"]
[EventCountry "ESP"]
[Source "lmi"]
[SourceDate "2005.08.10"]

1. d4 Nf6 2. c4 g6 3. Nc3 Bg7 4. e4 d6 5. g3 O-O 6. Bg2 c6 7. Nge2 e5 8. O-O
Nbd7 9. h3 a6 10. dxe5 dxe5 11. Be3 Qe7 12. a3 b5 13. Qc2 h5 14. c5 h4 15. Rad1
hxg3 16. fxg3 Ne8 17. b4 Ndf6 18. Qd2 Be6 19. Bg5 Bb3 20. Rb1 Bc4 21. Rbd1 Bb3
22. Rb1 Bc4 23. Rbd1 Qb7 24. Bh6 Nh7 25. Bxg7 Nxg7 26. Qd7 Qxd7 27. Rxd7 Rfc8
28. Rfd1 Nf6 29. Rb7 a5 30. Rb6 Nge8 31. h4 axb4 32. axb4 Rc7 33. Bh3 Kf8 34.
Rd2 Ke7 35. Kg2 Ra3 36. Rb8 Bxe2 37. Nxe2 Nxe4 38. Rdd8 N8f6 39. Rdc8 Rxc8 40.
Rxc8 Ra2 41. Kf1 Nd5 0-1

[Event "31. Open Ciutat de Badalona"]
[Site "Badalona ESP"]
[Date "2005.08.03"]
[Round "3.4"]
[White "Ermenkov, Evgenij"]
[Black "Ibañez Terradellas, Eduardo"]
[Result "1-0"]
[WhiteElo "2478"]
[BlackElo "2239"]
[PlyCount "71"]
[EventDate "2005.08.01"]
[EventType "swiss"]
[EventRounds "9"]
[EventCountry "ESP"]
[Source "lmi"]
[SourceDate "2005.08.10"]

1. e4 d5 2. exd5 Qxd5 3. Nc3 Qa5 4. d4 Nf6 5. Nf3 Bf5 6. Bc4 e6 7. Bd2 c6 8.
Nd5 Qd8 9. Nxf6+ Qxf6 10. Qe2 Nd7 11. O-O-O Nb6 12. Bg5 Qg6 13. h4 h6 14. Ne5
Qh7 15. Be3 Be4 16. Bb3 Bxg2 17. Rhg1 Be4 18. f3 Bf5 19. h5 Be7 20. Qd2 Nd5 21.
Bxd5 exd5 22. Rg2 Be6 23. Qa5 O-O 24. Qc7 Bf6 25. Qxb7 Bh3 26. Rg3 Bf5 27. Rdg1
Rab8 28. Qxc6 Rb6 29. Qc7 Re6 30. Nd7 Bd8 31. Rxg7+ Qxg7 32. Rxg7+ Kxg7 33.
Qg3+ Kh8 34. Nxf8 Rxe3 35. Qd6 Bg5 36. f4 1-0

[Event "31. Open Ciutat de Badalona"]
[Site "Badalona ESP"]
[Date "2005.08.03"]
[Round "3.5"]
[White "Alsina Leal, Daniel"]
[Black "Gonzalez Garcia, Jose"]
[Result "0-1"]
[WhiteElo "2322"]
[BlackElo "2478"]
[PlyCount "94"]
[EventDate "2005.08.01"]
[EventType "swiss"]
[EventRounds "9"]
[EventCountry "ESP"]
[Source "lmi"]
[SourceDate "2005.08.10"]

1. e4 e6 2. d4 d5 3. Nc3 Bb4 4. e5 c5 5. a3 Bxc3+ 6. bxc3 Ne7 7. Qg4 O-O 8. Bd3
f5 9. exf6 Rxf6 10. Bg5 Rf7 11. Qh5 g6 12. Qd1 Qa5 13. Qd2 Nbc6 14. Nf3 Bd7 15.
O-O cxd4 16. cxd4 Qxd2 17. Bxd2 Rxf3 18. gxf3 Nxd4 19. Kg2 Rc8 20. Rab1 b6 21.
c3 Ndf5 22. Bg5 Kf7 23. Rfc1 Nd6 24. Bxe7 Kxe7 25. Rb4 e5 26. Rc2 Kf6 27. f4 e4
28. Be2 Rc5 29. h3 b5 30. Bg4 Bc6 31. Kh2 a5 32. Rd4 Nc4 33. Ra2 Nb6 34. Bd1
Rxc3 35. Rc2 Rc4 36. Rcxc4 bxc4 37. Kg2 Nc8 38. f3 e3 39. Bc2 Nd6 40. a4 Nf5
41. Rd1 e2 42. Rc1 Nd4 43. Kf2 Bd7 44. h4 h5 45. Bb1 Bxa4 46. Rg1 Bd1 47. Rxg6+
Kf7 0-1

[Event "31. Open Ciutat de Badalona"]
[Site "Badalona ESP"]
[Date "2005.08.04"]
[Round "4.1"]
[White "Grigore, George-Gabriel"]
[Black "Narciso Dublan, Marc"]
[Result "1/2-1/2"]
[WhiteElo "2479"]
[BlackElo "2476"]
[PlyCount "35"]
[EventDate "2005.08.01"]
[EventType "swiss"]
[EventRounds "9"]
[EventCountry "ESP"]
[Source "lmi"]
[SourceDate "2005.08.10"]

1. d4 d5 2. c4 e6 3. Nc3 Nf6 4. cxd5 exd5 5. Bg5 c6 6. e3 Be7 7. Qc2 Nbd7 8.
Bd3 Nh5 9. Bxe7 Qxe7 10. Nge2 g6 11. O-O-O Nb6 12. Kb1 Ng7 13. Ng3 Be6 14. Na4
Nxa4 15. Qxa4 O-O 16. Rhe1 Qh4 17. Qc2 Rad8 18. Qd2 1/2-1/2

[Event "31. Open Ciutat de Badalona"]
[Site "Badalona ESP"]
[Date "2005.08.04"]
[Round "4.2"]
[White "Muñoz Pantoja, Miguel"]
[Black "Gonzalez, Yuri"]
[Result "1/2-1/2"]
[WhiteElo "2474"]
[BlackElo "2495"]
[PlyCount "21"]
[EventDate "2005.08.01"]
[EventType "swiss"]
[EventRounds "9"]
[EventCountry "ESP"]
[Source "lmi"]
[SourceDate "2005.08.10"]

1. e4 c6 2. Nc3 d5 3. Nf3 Bg4 4. Be2 e6 5. O-O Nf6 6. Ne5 Bxe2 7. Qxe2 dxe4 8.
Nxe4 Nxe4 9. Qxe4 Nd7 10. Nf3 Nf6 11. Qe2 1/2-1/2

[Event "31. Open Ciutat de Badalona"]
[Site "Badalona ESP"]
[Date "2005.08.04"]
[Round "4.3"]
[White "Alonso Rosell, Alvar"]
[Black "Matnadze, Ana"]
[Result "1/2-1/2"]
[WhiteElo "2156"]
[BlackElo "2389"]
[PlyCount "61"]
[EventDate "2005.08.01"]
[EventType "swiss"]
[EventRounds "9"]
[EventCountry "ESP"]
[Source "lmi"]
[SourceDate "2005.08.10"]

1. d4 Nf6 2. c4 e6 3. Nc3 Bb4 4. f3 c5 5. d5 Nh5 6. Nh3 Qh4+ 7. Nf2 Qxc4 8. e4
Bxc3+ 9. bxc3 Qxc3+ 10. Bd2 Qd4 11. Qc1 exd5 12. Bc3 Qa4 13. Qg5 O-O 14. Qxh5
d4 15. Bd2 d6 16. Be2 Nc6 17. O-O Be6 18. Rfc1 Rab8 19. Qg5 Rbd8 20. Qg3 f6 21.
Rab1 Rd7 22. Bf4 c4 23. Ng4 Ne5 24. Qf2 d3 25. Bd1 Qa3 26. Bd2 Nxg4 27. fxg4
Qxa2 28. Ra1 Qb2 29. Rab1 Qa2 30. Ra1 Qb2 31. Rab1 1/2-1/2

[Event "31. Open Ciutat de Badalona"]
[Site "Badalona ESP"]
[Date "2005.08.04"]
[Round "4.4"]
[White "Epishin, Vladimir"]
[Black "Vehi Bach, Victor Manuel"]
[Result "1-0"]
[WhiteElo "2600"]
[BlackElo "2404"]
[PlyCount "62"]
[EventDate "2005.08.01"]
[EventType "swiss"]
[EventRounds "9"]
[EventCountry "ESP"]
[Source "lmi"]
[SourceDate "2005.08.10"]

1. d4 Nf6 2. c4 e6 3. Nf3 Bb4+ 4. Bd2 Qe7 5. g3 Nc6 6. Nc3 d5 7. cxd5 exd5 8.
Bg2 O-O 9. O-O Rd8 10. Rc1 h6 11. a3 Bxc3 12. Bxc3 Bf5 13. e3 Be4 14. Qe2 Qe6
15. Rfd1 Ne7 16. Ba5 b6 17. Bb4 a5 18. Bxe7 Bxf3 19. Bxf3 Qxe7 20. Rc2 c5 21.
dxc5 bxc5 22. Qb5 Ne4 23. Bxe4 dxe4 24. Rdc1 Rdb8 25. Qxc5 Qxc5 26. Rxc5 Rxb2
27. R1c4 a4 28. Rc8+ Rxc8 29. Rxc8+ Kh7 30. Rc4 f5 31. f4 g6 1-0

[Event "31. Open Ciutat de Badalona"]
[Site "Badalona ESP"]
[Date "2005.08.04"]
[Round "4.5"]
[White "Fluvia, Jordi"]
[Black "Ermenkov, Evgenij"]
[Result "1-0"]
[WhiteElo "2443"]
[BlackElo "2478"]
[PlyCount "69"]
[EventDate "2005.08.01"]
[EventType "swiss"]
[EventRounds "9"]
[EventCountry "ESP"]
[Source "lmi"]
[SourceDate "2005.08.10"]

1. e4 c5 2. Nf3 d6 3. d4 cxd4 4. Nxd4 Nf6 5. Nc3 a6 6. Be3 e6 7. f3 b5 8. Qd2
b4 9. Na4 d5 10. e5 Nfd7 11. f4 Qc7 12. Bd3 Nc5 13. Nxc5 Bxc5 14. Qf2 Qb6 15.
O-O Nc6 16. c3 O-O 17. Rae1 Nxd4 18. Bxd4 Bxd4 19. cxd4 Kh8 20. Re3 Ra7 21. Rh3
f5 22. exf6 gxf6 23. Kh1 e5 24. Rxh7+ Rxh7 25. Bxh7 Kxh7 26. Qh4+ Kg8 27. fxe5
Qc7 28. exf6 Qh7 29. Qg5+ Kh8 30. h3 Rf7 31. Rf4 Qg8 32. Qe5 Qh7 33. Qe8+ Qg8
34. Rh4+ Rh7 35. Rxh7+ 1-0

[Event "31. Open Ciutat de Badalona"]
[Site "Badalona ESP"]
[Date "2005.08.05"]
[Round "5.1"]
[White "Fluvia, Jordi"]
[Black "Gonzalez Garcia, Jose"]
[Result "0-1"]
[WhiteElo "2443"]
[BlackElo "2478"]
[PlyCount "118"]
[EventDate "2005.08.01"]
[EventType "swiss"]
[EventRounds "9"]
[EventCountry "ESP"]
[Source "lmi"]
[SourceDate "2005.08.10"]

1. e4 e6 2. d4 d5 3. e5 c5 4. c3 Qb6 5. Nf3 Nc6 6. a3 Nh6 7. b4 cxd4 8. cxd4
Nf5 9. Bb2 Bd7 10. g4 Nfe7 11. Nc3 Na5 12. Nd2 Rc8 13. Rc1 Ng6 14. h4 Be7 15.
g5 O-O 16. Qg4 Bxb4 17. axb4 Qxb4 18. Rb1 Rxc3 19. Bxc3 Qxc3 20. Rh3 Qc7 21.
Bd3 Ne7 22. h5 Nf5 23. Qf4 Nc6 24. Bxf5 exf5 25. g6 fxg6 26. hxg6 h6 27. Nf3
Nd8 28. Ng5 Qa5+ 29. Kd1 Qa6 30. Kd2 Qxg6 31. e6 Bxe6 32. Nxe6 Nxe6 33. Qe5 Ng5
34. Qxd5+ Kh7 35. Ra3 Ne4+ 36. Kc2 Rc8+ 37. Kb2 Nd2 38. Rc1 Re8 39. Ra5 Rf8 40.
Rc2 Ne4 41. f3 Nd6 42. Re2 a6 43. Rc5 b5 44. Ka2 Nc4 45. Rc6 Qg1 46. Rxa6 Qd1
47. Rg2 Qh1 48. Rag6 Rg8 49. Qb7 Kh8 50. Rxg7 Qxg2+ 51. Rxg2 Rxg2+ 52. Kb3 Na5+
53. Kb4 Nxb7 54. Kxb5 Rd2 55. Kc4 Kg7 56. Kc3 Rf2 57. d5 Rxf3+ 58. Kd4 Kf6 59.
Kc4 Ke5 0-1

[Event "31. Open Ciutat de Badalona"]
[Site "Badalona ESP"]
[Date "2005.08.05"]
[Round "5.2"]
[White "Muñoz Pantoja, Miguel"]
[Black "Epishin, Vladimir"]
[Result "1/2-1/2"]
[WhiteElo "2474"]
[BlackElo "2600"]
[PlyCount "64"]
[EventDate "2005.08.01"]
[EventType "swiss"]
[EventRounds "9"]
[EventCountry "ESP"]
[Source "lmi"]
[SourceDate "2005.08.10"]

1. e4 c5 2. Nf3 e6 3. d4 cxd4 4. Nxd4 a6 5. c4 Nf6 6. Nc3 Qc7 7. a3 Be7 8. Be2
O-O 9. O-O Nc6 10. Be3 d6 11. Rc1 Ne5 12. f4 Ng6 13. b4 Bd7 14. Nb3 Bc6 15. Bd3
Rac8 16. Qe2 Qb8 17. Nd4 Bd7 18. Nb3 Rfe8 19. c5 e5 20. f5 Nf4 21. Qd2 Nxd3 22.
Qxd3 Bc6 23. cxd6 Qxd6 24. Qxd6 Bxd6 25. Na5 Nxe4 26. Nxc6 Nxc3 27. Rxc3 Rxc6
28. Rxc6 bxc6 29. Rd1 Rd8 30. Rc1 Rc8 31. Rd1 Rd8 32. Rc1 Rc8 1/2-1/2

[Event "31. Open Ciutat de Badalona"]
[Site "Badalona ESP"]
[Date "2005.08.05"]
[Round "5.3"]
[White "Fluvia Poyatos, Joan"]
[Black "Korneev, Oleg"]
[Result "1/2-1/2"]
[WhiteElo "2458"]
[BlackElo "2594"]
[PlyCount "171"]
[EventDate "2005.08.01"]
[EventType "swiss"]
[EventRounds "9"]
[EventCountry "ESP"]
[Source "lmi"]
[SourceDate "2005.08.10"]

1. e4 c5 2. Nf3 Nc6 3. d4 cxd4 4. Nxd4 e6 5. Nc3 a6 6. Be3 Nf6 7. Qd2 Bb4 8. f3
d5 9. a3 Qa5 10. Nb3 Bxc3 11. bxc3 Qc7 12. Bd3 dxe4 13. fxe4 Ng4 14. Bf4 e5 15.
Bg3 Be6 16. Nd4 Nd8 17. Nf5 Bxf5 18. exf5 O-O 19. O-O Nf6 20. Rae1 Nc6 21. Bh4
Qd6 22. Bxf6 Qxf6 23. Be4 Rad8 24. Qe2 Rfe8 25. Rf3 b5 26. a4 bxa4 27. Qc4 Na7
28. Qxa4 Nb5 29. Ra1 Nd6 30. Bc6 e4 31. Re3 Nxf5 32. Rxe4 Rxe4 33. Bxe4 Qxc3
34. Bxf5 Qc5+ 35. Kh1 Qxf5 36. Qxa6 Qxc2 37. h3 h5 38. Qa5 Rd1+ 39. Rxd1 Qxd1+
40. Kh2 Qd6+ 41. Kh1 g6 42. Qa8+ Kg7 43. Qe4 Qe6 44. Qd4+ Qf6 45. Qe4 h4 46.
Kg1 g5 47. Qd5 Kg6 48. Qe4+ Qf5 49. Qc6+ Qe6 50. Qa8 f5 51. Qa1 Qf6 52. Qd1
Qb6+ 53. Kh1 Qe6 54. Qb1 Qc6 55. Kg1 Kf6 56. Qa1+ Kf7 57. Qb1 Qc5+ 58. Kh1 Qd5
59. Kh2 Kf6 60. Kh1 g4 61. hxg4 fxg4 62. Kg1 Kg5 63. Qa1 Qc5+ 64. Kh1 Kf4 65.
Qe1 Kg5 66. Qa1 Qc7 67. Qg1 Qc3 68. Qd1 Kf4 69. Qd6+ Qe5 70. Qh6+ Qg5 71. Qd6+
Ke4 72. Qe6+ Kd4 73. Qd7+ Kc3 74. Qc6+ Kd2 75. Qd6+ Kc2 76. Qc6+ Kd1 77. Qa4+
Ke2 78. Qc2+ Qd2 79. Qe4+ Kf2 80. Qf5+ Kg3 81. Qe5+ Kf2 82. Qf5+ Kg3 83. Qe5+
Kf2 84. Qf5+ Kg3 85. Qb1 Qd5 86. Qe1+ 1/2-1/2

[Event "31. Open Ciutat de Badalona"]
[Site "Badalona ESP"]
[Date "2005.08.05"]
[Round "5.4"]
[White "Gonzalez, Yuri"]
[Black "Barrientos, Sergio"]
[Result "1/2-1/2"]
[WhiteElo "2495"]
[BlackElo "2433"]
[PlyCount "106"]
[EventDate "2005.08.01"]
[EventType "swiss"]
[EventRounds "9"]
[EventCountry "ESP"]
[Source "lmi"]
[SourceDate "2005.08.10"]

1. d4 Nf6 2. c4 e6 3. Nc3 Bb4 4. Qc2 c5 5. dxc5 Na6 6. a3 Bxc3+ 7. Qxc3 Nxc5 8.
f3 d5 9. cxd5 b6 10. Bg5 exd5 11. e3 O-O 12. Bxf6 Qxf6 13. Qxf6 gxf6 14. b4 Ne6
15. Ne2 Ba6 16. Rc1 Bxe2 17. Bxe2 a5 18. b5 d4 19. Kf2 Rfe8 20. exd4 Nxd4 21.
Rhe1 Re5 22. Bf1 Rd8 23. Red1 Red5 24. a4 R8d7 25. Rc8+ Kg7 26. Bc4 R5d6 27.
Re1 f5 28. Ree8 f4 29. Rg8+ Kf6 30. g3 Nf5 31. Rc6 Ke7 32. Rxd6 Rxd6 33. Rb8
Rd2+ 34. Ke1 Rxh2 35. gxf4 Ne3 36. Rb7+ Kd6 37. Rxb6+ Kc5 38. Rc6+ Kd4 39. Be2
Ng2+ 40. Kf2 Nxf4+ 41. Kg3 Rxe2 42. Kxf4 Ra2 43. Rc7 Rxa4 44. Rxf7 Rb4 45. Rxh7
Rxb5 46. Kg4 a4 47. Ra7 Rb4 48. Kf4 Kd3+ 49. Ke5 Rb5+ 50. Kd6 Rb4 51. Ke5 Kc3
52. f4 Rb5+ 53. Ke6 Rb6+ 1/2-1/2